[Event "CXSP"]
[Site "Sao Paulo BRA"]
[Date "2002.11.27"]
[Round "3"]
[White "Carvalho,H"]
[Black "De Souza,M"]
[Result "0-1"]
[WhiteElo "2187"]
[BlackElo "2343"]

1.d4 Nf6 2.Nf3 e6 3.c4 d5 4.g3 Be7 5.Bg2 O-O 6.Qc2 c5 7.dxc5 Qa5+ 8.Nbd2 Qxc5
9.O-O Nc6 10.a3 a5 11.b3 d4 12.Ne1 e5 13.Ne4 Nxe4 14.Bxe4 h6 15.Nd3 Qd6 16.Bd2 f5
17.Bd5+ Kh8 18.b4 Be6 19.Bxc6 bxc6 20.bxa5 e4 21.c5 Qc7 22.Nf4 Bf7 23.h4 g5
24.hxg5 hxg5 25.Kg2 gxf4 26.Bxf4 Qd7 27.Be5+ Kg8 28.Rh1 Bg6 29.Rad1 d3 30.exd3 Qd5
31.d4 Kf7 32.Rb1 f4 33.Kg1 e3 34.Rh7+ Bxh7 35.Qxh7+ Ke8 36.Qg6+ Kd8 37.Rb2 fxg3
38.fxg3 Qf3 39.Qb1 e2 40.Rxe2 Qxe2 41.Qb6+ Ke8 42.Qxc6+ Kf7 43.Qd5+ Kg6 44.Qe6+ Rf6  0-1

[Event "ch-GRE w"]
[Site "Athens GRE"]
[Date "2002.11.28"]
[Round "1"]
[White "Grapsa,G"]
[Black "Makropoulou,M"]
[Result "0-1"]
[WhiteElo "2093"]
[BlackElo "2272"]

1.d4 d5 2.Nf3 Nf6 3.c4 e6 4.g3 Be7 5.Bg2 O-O 6.O-O c6 7.Qc2 Nbd7 8.Rd1 b6
9.b3 Ba6 10.Nc3 Rc8 11.e4 dxc4 12.bxc4 Bxc4 13.e5 Ne8 14.Ne4 Bd5 15.Nfg5 g6
16.h4 Ng7 17.Qe2 f5 18.exf6 Bxf6 19.Bh3 Nf5 20.h5 Qe8 21.h6 Qf7 22.a4 Rce8
23.Qg4 Nd6 24.Bg2 Nxe4 25.Bxe4  0-1

[Event "38th American Open"]
[Site "Los Angeles USA"]
[Date "2002.11.29"]
[Round "4"]
[White "Andrianov,N"]
[Black "Taylor,T"]
[Result "1/2-1/2"]
[WhiteElo "2484"]
[BlackElo "2404"]

1.d4 d5 2.Nf3 Nf6 3.c4 e6 4.g3 Be7 5.Bg2 O-O 6.O-O b6 7.Ne5 Bb7 8.Nc3 Na6
9.Bf4 c5 10.cxd5 exd5 11.Rc1 Ne4 12.dxc5 Naxc5 13.Nb5 Bf6 14.b4  1/2-1/2

[Event "TCh-CZE 2002-3"]
[Site "Czech Rep CZE"]
[Date "2002.12.01"]
[Round "4"]
[White "Jirka,J"]
[Black "Laznicka,V"]
[Result "1-0"]
[WhiteElo "2370"]
[BlackElo "2348"]

1.d4 e6 2.c4 Nf6 3.g3 d5 4.Nf3 Be7 5.Bg2 O-O 6.O-O Nbd7 7.b3 b6 8.cxd5 exd5
9.Qc2 Bb7 10.Rd1 c5 11.Nc3 Rc8 12.Bb2 Re8 13.Rac1 Qc7 14.Qf5 Qb8 15.Ne5 Nxe5
16.dxe5 g6 17.Qc2 d4 18.exf6 dxc3 19.Bxc3 Bf8 20.Rd7 Bxg2 21.Kxg2 Rc7 22.Rcd1 Qb7+
23.R7d5 c4 24.Kg1 cxb3 25.Qxb3 Qc6 26.Be5 Rb7 27.e4 b5 28.Qe3 a5 29.Bd6 Qb6
30.Qf4 Rd7 31.Bxf8 Rxd5 32.Rxd5 Rxf8 33.Rd6  1-0

[Event "TCh-ESP"]
[Site "Mondariz ESP"]
[Date "2002.12.01"]
[Round "2"]
[White "Romero Holmes,A"]
[Black "Damljanovic,B"]
[Result "1-0"]
[WhiteElo "2524"]
[BlackElo "2550"]

1.d4 Nf6 2.c4 e6 3.g3 d5 4.Bg2 Be7 5.Nf3 O-O 6.O-O b6 7.cxd5 exd5 8.Nc3 Bb7
9.Ne5 Na6 10.Bg5 Ne4 11.Bxe7 Qxe7 12.e3 c5 13.Rc1 Rfd8 14.Qa4 Nxc3 15.Rxc3 Nc7
16.b3 Ne6 17.Rd1 Rd6 18.Qa3 Rad8 19.f4 a5 20.Bh3 cxd4 21.exd4 Nxf4 22.Bg4 Ng6
23.Re1 f6 24.Nf3 Qf7 25.Rce3 Qf8 26.Bh5 Bc6 27.Bxg6 hxg6 28.Nh4 Kh7 29.Qc1 Be8
30.Qc7 Bf7 31.Re7 Kg8 32.Ng2 g5 33.Ne3 Bg6 34.Ng4 Be4 35.Nf2 Rc6 36.Rxg7+ Qxg7
37.Qxd8+ Qf8 38.Qd7 Rd6 39.Qg4 Qe7  1-0

[Event "ch-ISR"]
[Site "Tel Aviv ISR"]
[Date "2002.12.02"]
[Round "8"]
[White "Vainshtein,V"]
[Black "Khmelniker,I"]
[Result "1-0"]
[WhiteElo "2321"]
[BlackElo "2225"]

1.d4 d5 2.Nf3 Nf6 3.c4 e6 4.g3 Be7 5.Bg2 O-O 6.O-O b6 7.Qa4 Bb7 8.Ne5 Qe8
9.Qxe8 Rxe8 10.Nc3 Na6 11.cxd5 exd5 12.Bg5 Ne4 13.Bxe7 Rxe7 14.e3 c5 15.Rac1 Nxc3
16.Rxc3 c4 17.b3 f6 18.Nf3 b5 19.bxc4 bxc4 20.Rb1 Rb8 21.Nd2 f5 22.Rxb7 Rexb7
23.Bxd5+ Kf8 24.Bxb7 Rxb7 25.Rxc4 Rb2 26.Rc8+ Ke7 27.Ra8 Nb4 28.Rxa7+ Ke6
29.Rb7 Rxa2 30.Rxb4 Rxd2 31.Rb6+ Kd5 32.Rb7 Ke4 33.Kg2 g5 34.Rxh7  1-0

[Event "ch-POL sf"]
[Site "Lubniewice POL"]
[Date "2002.12.03"]
[Round "4"]
[White "Marszalek,Mac"]
[Black "Zeberski,J"]
[Result "0-1"]
[WhiteElo "2279"]
[BlackElo "2326"]

1.d4 d5 2.c4 e6 3.Nf3 Nf6 4.g3 Be7 5.Bg2 O-O 6.O-O dxc4 7.Ne5 Nc6 8.Nxc6 bxc6
9.Nc3 Rb8 10.Qa4 Qxd4 11.Be3 Qg4 12.h3 Qg6 13.Qxa7 Rb7 14.Qa4 Nd5 15.Bc1 Bb4
16.Bd2 Bd6 17.Rab1 Rb4 18.Qd1 Rb7 19.a3 Rb3 20.Qe1 Ba6 21.e4 Nb6 22.e5 Bc5
23.Kh2 Nd5 24.Be4 f5 25.exf6 Qxf6 26.Bc2 Rbb8 27.Ne4 Qe7 28.Bg5 Nf6 29.Bxf6 gxf6
30.Nxc5 Qxc5 31.Qxe6+ Rf7 32.Bxh7+ Kg7 33.Be4 f5 34.Qxc6 Qxc6 35.Bxc6 Rb6
36.Bd5 Rd7 37.Rfd1 c3 38.Bf3 Rxd1 39.Bxd1 Bd3  0-1

[Event "ch-POL sf"]
[Site "Lubniewice POL"]
[Date "2002.12.07"]
[Round "8"]
[White "Marszalek,Mac"]
[Black "Luch,M"]
[Result "0-1"]
[WhiteElo "2279"]
[BlackElo "2278"]

1.d4 d5 2.c4 e6 3.Nf3 Nf6 4.g3 Be7 5.Bg2 O-O 6.O-O dxc4 7.Qa4 a6 8.Qxc4 b5
9.Qc2 Bb7 10.Nbd2 Nbd7 11.Nb3 Be4 12.Qd1 c5 13.Bg5 h6 14.Bxf6 Bxf6 15.Rc1 Rc8
16.Re1 c4 17.Nbd2 Bb7 18.e4 Qa5 19.Qc2 Rfd8 20.a3 Nb8 21.e5 Be7 22.Ne4 Nc6
23.Red1 Qb6 24.Qc3 Na5 25.Qe3 Nb3 26.Rb1  0-1

[Event "FSIMA Dec"]
[Site "Budapest HUN"]
[Date "2002.12.08"]
[Round "2"]
[White "Graham,N"]
[Black "Lengyel,B"]
[Result "0-1"]
[WhiteElo "2346"]
[BlackElo "2338"]

1.d4 Nf6 2.c4 e6 3.Nf3 d5 4.g3 Be7 5.Bg2 O-O 6.O-O dxc4 7.Qc2 a6 8.a4 Bd7
9.Qxc4 Bc6 10.Bg5 Bd5 11.Qd3 Be4 12.Qe3 Nbd7 13.Nc3 Bc6 14.Qd3 Nd5 15.Nxd5 exd5
16.h4 f6 17.Bf4 Nb6 18.b3 Bd6 19.Qd2 Qd7 20.Ne1 Bxf4 21.Qxf4 Rae8 22.e3 Qf7
23.Nd3 a5 24.Rfc1 Re7 25.Rc3 h6 26.Qf3 g5 27.hxg5 hxg5 28.Rac1 Qh7 29.Nc5 Nc8
30.Bf1 Nd6 31.Bd3 f5 32.Bb1 Ne4 33.R3c2 Rf6 34.Nd3 Rh6 35.Ne5 g4 36.Qg2 Rxe5
37.dxe5 Ng5 38.Rxc6 bxc6 39.Rxc6 Nf3+ 40.Kf1 Rxc6  0-1

[Event "FSGM Dec"]
[Site "Budapest HUN"]
[Date "2002.12.10"]
[Round "4"]
[White "Lopez Martinez,J"]
[Black "Horvath,P1"]
[Result "0-1"]
[WhiteElo "2437"]
[BlackElo "2482"]

1.d4 d5 2.c4 e6 3.Nf3 Nf6 4.g3 Be7 5.Bg2 O-O 6.O-O dxc4 7.Qc2 a6 8.Qxc4 b5
9.Qc2 Bb7 10.Bd2 Ra7 11.Rd1 Qc8 12.Nc3 c5 13.dxc5 Bxc5 14.Rac1 Nbd7 15.Qd3 Ng4
16.Be1 Nde5 17.Qb1 Nxf2 18.Bxf2 Bxf2+ 19.Kxf2 Qc5+ 20.Ke1 Bxf3 21.Bxf3 Qg1+
22.Kd2 Nxf3+ 23.Kc2 Qxh2 24.Kb3 Ng5 25.Qd3 Qf2 26.Rh1 h6 27.Rh4 e5 28.a3 Ne6
29.Ka2 Nd4 30.Rch1 Qf6 31.e3 Qe6+ 32.Kb1 Nf5 33.R4h2 Rd7 34.Qc2 Nxe3 35.Qe2 Nf5
36.Ne4 Qg6 37.Ka1 Rfd8 38.g4 Nd4 39.Qe3 f6 40.Kb1 Nc6 41.Rxh6 gxh6 42.Rxh6 Rd1+
43.Ka2 Qf7+ 44.b3 R8d3  0-1

[Event "10th Amitie"]
[Site "Bagneux FRA"]
[Date "2002.12.12"]
[Round "4"]
[White "Payen,A"]
[Black "Le Quang,K"]
[Result "1/2-1/2"]
[WhiteElo "2356"]
[BlackElo "2274"]

1.d4 Nf6 2.c4 e6 3.g3 d5 4.Nf3 Be7 5.Bg2 O-O 6.O-O dxc4 7.Qc2 a6 8.Qxc4 b5
9.Qc2 Bb7 10.Bd2 Be4 11.Qc1 Nbd7 12.Ba5 Rc8 13.Nbd2 Ba8 14.Qc2 Qe8 15.b4 Nd5
16.a3 f5 17.Rae1 Qh5 18.e4 fxe4 19.Rxe4 Qf5 20.Rc1 Bd6 21.Re2 Rce8 22.Ne5 Bxe5
23.dxe5 Qh5 24.Rce1 Rc8 25.Nf1 c5  1/2-1/2

[Event "Winter Cup"]
[Site "Bucharest ROM"]
[Date "2002.12.12"]
[Round "12"]
[White "Hrzic,I"]
[Black "Bets,A"]
[Result "1/2-1/2"]
[WhiteElo "2302"]
[BlackElo "2332"]

1.Nf3 Nf6 2.c4 e6 3.g3 d5 4.d4 Be7 5.Bg2 O-O 6.O-O dxc4 7.Qc2 Bd7 8.Qxc4 Bc6
9.Bg5 Nbd7 10.Nc3 h6  1/2-1/2

[Event "ch-Balkan"]
[Site "Istanbul TUR"]
[Date "2002.12.14"]
[Round "6"]
[White "Vasovski,N"]
[Black "Rusev,K"]
[Result "1-0"]
[WhiteElo "2324"]
[BlackElo "2297"]

1.d4 Nf6 2.c4 e6 3.g3 d5 4.Nf3 Be7 5.Bg2 O-O 6.O-O dxc4 7.Qc2 a6 8.a4 Bd7
9.Qxc4 Bc6 10.Bg5 Bd5 11.Qc1 h6 12.Bxf6 Bxf6 13.Nc3 Bxf3 14.Bxf3 c6 15.e3 a5
16.Ne4 Be7 17.Nc5 Qb6 18.Rd1 Bxc5 19.dxc5 Qc7 20.Qc3 Na6 21.Rd6 Rad8 22.Rad1 Nb4
23.e4 Rxd6 24.cxd6 Qb6 25.e5 Na6 26.Be4 Qc5 27.Rc1 Qxc3 28.Rxc3 Ra8 29.f4 Kf8
30.Kf2 Nb8 31.Ke3 Ke8 32.Rb3 Ra7 33.f5 Kd7 34.Kd4 f6 35.Rf3 fxe5+ 36.Kxe5 exf5
37.Bxf5+ Kd8 38.Be6 Ke8 39.d7+ Nxd7+ 40.Bxd7+ Kxd7 41.Rf7+ Ke8 42.Rxg7 Ra6
43.Rxb7  1-0

[Event "Bundesliga 2002-3"]
[Site "Koenig Plauen GER"]
[Date "2002.12.14"]
[Round "5"]
[White "Jackelen,T"]
[Black "Mueller,Matt"]
[Result "1/2-1/2"]
[WhiteElo "2415"]
[BlackElo "2403"]

1.Nf3 d5 2.c4 e6 3.d4 Nf6 4.g3 Be7 5.Bg2 O-O 6.O-O c6 7.Nc3 Nbd7 8.b3 b6
9.Bb2 Ba6 10.Qc2 Rc8 11.Rfd1 dxc4 12.Nd2 cxb3 13.axb3 Nb8 14.e4 Rc7 15.Nc4 Qc8
16.f4 Rd8 17.Qf2 b5 18.Ne5 c5 19.d5 c4 20.Kh1 b4 21.Ne2 exd5 22.exd5 c3 23.Bc1 Bb7
24.Ra5 Bc5 25.Be3 c2 26.Rc1 Bxe3 27.Qxe3 Bxd5 28.Rxa7 Bxg2+ 29.Kxg2 Nd5 30.Qf2 Rxa7
31.Qxa7 Qf5 32.Kf2 Nc3 33.Nxc3 bxc3 34.Qc7 Rc8 35.Qd6 h6 36.Qd3 Qe6  1/2-1/2

[Event "Bundesliga 2002-3"]
[Site "Koenig Plauen GER"]
[Date "2002.12.15"]
[Round "6"]
[White "Haba,P"]
[Black "Lutz,C"]
[Result "1/2-1/2"]
[WhiteElo "2534"]
[BlackElo "2645"]

1.d4 Nf6 2.c4 e6 3.g3 d5 4.Bg2 Be7 5.Nf3 O-O 6.O-O dxc4 7.Qc2 a6 8.Qxc4 b5
9.Qc2 Bb7 10.Bf4 Nc6 11.Rd1 Nb4 12.Qc1 Rc8 13.Nc3 Nbd5 14.Nxd5 Bxd5 15.Be3 c6
16.Ne1 Bxg2 17.Kxg2 Nd5 18.Nd3 Nxe3+ 19.Qxe3 Qd5+ 20.Kg1 Rfd8 21.Nf4 Qd6
22.Rd3 g6 23.Rad1 Bg5 24.Qe5 Bxf4 25.Qxf4 Qxf4 26.gxf4 c5 27.dxc5 Rxd3 28.Rxd3 Rxc5
29.Ra3 Rc2 30.e3 Rxb2 31.Rxa6 b4  1/2-1/2

[Event "Cerrado CEMAR A"]
[Site "Mondariz ESP"]
[Date "2002.12.15"]
[Round "1"]
[White "Narciso Dublan,M"]
[Black "Rodriguez Lopez,R"]
[Result "1-0"]
[WhiteElo "2467"]
[BlackElo "2287"]

1.d4 Nf6 2.c4 e6 3.Nf3 d5 4.g3 Be7 5.Bg2 O-O 6.O-O Nbd7 7.Qc2 c6 8.b3 b6
9.Rd1 Bb7 10.Nc3 Ba6 11.Nd2 Rc8 12.a4 Qc7 13.Bb2 Qb8 14.e4 Rfd8 15.Rac1 c5
16.exd5 cxd4 17.dxe6 fxe6 18.Nce4 e5 19.Nxf6+ Nxf6 20.Qf5 Re8 21.Ne4 Nxe4
22.Bxe4 g6 23.Qe6+ Kg7 24.Rxd4  1-0

[Event "20th Cairnhill Open"]
[Site "Singapore SIN"]
[Date "2002.12.15"]
[Round "7"]
[White "Koh Kum Hong"]
[Black "Wee Zhen Yang"]
[Result "1-0"]
[WhiteElo "2241"]
[BlackElo "2078"]

1.d4 d5 2.c4 e6 3.g3 Nf6 4.Bg2 Be7 5.Nf3 O-O 6.O-O dxc4 7.Qc2 a6 8.a4 Nbd7
9.Nbd2 c5 10.dxc5 Bxc5 11.Nxc4 Qe7 12.Bf4 Nb6 13.Nce5 Nbd5 14.Bd2 Rd8 15.Rad1 Bd7
16.Nxd7 Rxd7 17.Ne5 Rc7 18.Qb3 Rac8 19.Nd3 Ba7 20.e4 Nb6 21.Be3 Nbd7 22.Bxa7 b5
23.Be3 Rb8 24.a5 Ng4 25.Bd2 e5 26.h3 Nh6 27.Be3 Rc6 28.Nb4 Rg6 29.Nd5 Qe6
30.Qb4 Kh8 31.Ne7 Rf6 32.Bg5  1-0

[Event "19th WJun Girls"]
[Site "Goa IND"]
[Date "2002.12.17"]
[Round "10"]
[White "Calotescu,C"]
[Black "Koneru,H"]
[Result "1/2-1/2"]
[WhiteElo "2324"]
[BlackElo "2484"]

1.c4 Nf6 2.g3 e6 3.Bg2 d5 4.Nf3 Be7 5.d4 O-O 6.O-O dxc4 7.Qc2 a6 8.Qxc4 b5
9.Qc2 Bb7 10.Bf4 Nc6 11.Rd1 Nb4 12.Qc1 Rc8 13.Nc3 Qe8 14.a3 Nbd5 15.Nxd5 Nxd5
16.b4 a5 17.Ng5 Nxf4 18.Qxf4 Bxg2 19.Kxg2 axb4 20.axb4 h6 21.Ne4 Bxb4 22.Ra6 Be7
23.d5 exd5 24.Rxd5 c6 25.Rd3 f5 26.Nd6 Bxd6 27.Rxd6 Rf7 28.Qd2 Rfc7 29.Ra3 Kh7
30.Rf3 c5 31.Rf4 c4 32.Rh4 Qf8 33.Rhd4 c3 34.Qc2 b4 35.Rb6 Rc4 36.Rd7 R8c7
37.Rd5 Rf7 38.f3 Rcc7 39.Rd4 Rfe7 40.Rbxb4 Qe8 41.e4 fxe4 42.Rxe4 Rxe4 43.Rxe4 Qg6
44.Re2 h5 45.h4 Kh6 46.Qxg6+ Kxg6 47.Rc2 Kf5 48.Kf2 g5 49.hxg5 Kxg5 50.Ke3 h4
51.gxh4+ Kxh4 52.Kd3 Kg3 53.Rxc3 Rxc3+ 54.Kxc3 Kxf3  1/2-1/2

[Event "Salona Rapid 1hr"]
[Site "Solin-Spilt CRO"]
[Date "2002.12.18"]
[Round "13"]
[White "Romanishin,O"]
[Black "Zelcic,R"]
[Result "1-0"]
[WhiteElo "2562"]
[BlackElo "2554"]

1.d4 Nf6 2.Nf3 e6 3.g3 d5 4.Bg2 Be7 5.c4 O-O 6.Qc2 dxc4 7.Qxc4 a6 8.Qc2 Nc6
9.Be3 Nd5 10.Nc3 Nxe3 11.fxe3 Nb4 12.Qd2 c5 13.O-O Rb8 14.Rad1 b5 15.Ne5 Bb7
16.Bxb7 Rxb7 17.a3 Nd5 18.dxc5 Bxc5 19.Nxd5 exd5 20.b4 Bb6 21.Qxd5 Qxd5 22.Rxd5 Re7
23.Rf3 Rfe8 24.Ng4 Re6 25.Kf1 h6 26.h3 f6 27.h4 Rc8 28.Rd3 Rc1+ 29.Kf2 Rec6
30.Rf5 R1c4 31.Kf3 Rc1 32.Kf2 R6c4 33.Nh2 Ra1 34.Rfd5 Ra2 35.Nf3 Rcc2 36.Ng1 Rc1
37.Rd7 Bc7 38.Nf3 Kf8 39.Nd4 Kg8 40.Ne6 Bb6 41.Rxg7+ Kh8 42.Rdd7  1-0

[Event "Christmas Open"]
[Site "Zadar CRO"]
[Date "2002.12.19"]
[Round "6"]
[White "Delchev,A"]
[Black "Rezan,S"]
[Result "1-0"]
[WhiteElo "2560"]
[BlackElo "2414"]

1.d4 d5 2.c4 e6 3.Nf3 Nf6 4.g3 Be7 5.Bg2 O-O 6.O-O dxc4 7.Qc2 a6 8.Qxc4 b5
9.Qc2 Bb7 10.Bf4 Nc6 11.Nc3 Nb4 12.Qc1 Rc8 13.Rd1 Nbd5 14.Be5 Nxc3 15.Qxc3 b4
16.Qb3 c5 17.dxc5 Bd5 18.Qxb4 Bxc5 19.Qa4 Qb6 20.Bd4 Bxd4 21.Qxd4 Qb5 22.Bf1 Rc4
23.Qa7 Qxb2 24.Rdb1 Qa3 25.Ne5 Rcc8 26.f3 Bxa2 27.Nd3 Nd5 28.Rb2 Nc3 29.Qb7 Rcd8
30.Kg2 Rd5 31.Rc2 Rb5 32.Qc6 Rb3 33.Nc1 Rb2 34.Rxc3 Qa5 35.Rc2  1-0

[Event "Salona Rapid 1hr"]
[Site "Solin-Spilt CRO"]
[Date "2002.12.20"]
[Round "17"]
[White "Kozul,Z"]
[Black "Zelcic,R"]
[Result "0-1"]
[WhiteElo "2565"]
[BlackElo "2554"]

1.d4 Nf6 2.c4 e6 3.Nf3 d5 4.g3 Be7 5.Bg2 O-O 6.O-O dxc4 7.Qc2 a6 8.a4 Bd7
9.Qxc4 Bc6 10.Bg5 Bd5 11.Qc2 Be4 12.Qd1 c5 13.dxc5 h6 14.Bxf6 Bxf6 15.Nbd2 Bc6
16.Qc2 Nd7 17.Nb3 Rc8 18.Rfc1 Bd5 19.Nfd2 Bxg2 20.Kxg2 Be7 21.Qe4 Nxc5 22.Nxc5 Bxc5
23.Nb3 Be7 24.Rxc8 Qxc8 25.Na5 Bf6 26.Ra2 Rd8 27.Qxb7 Qc1 28.Qxa6 Qb1 29.Ra3 Rd1
30.Rd3 Rg1+ 31.Kf3 Qf1 32.Qa8+ Kh7 33.Qe4+ g6 34.Rd7 Kg8 35.Qa8+ Kg7 36.Qa7 Qg2+
37.Ke3 Bxb2 38.Rxf7+ Kg8 39.Rf3 Bg7 40.Qb7 Qf1 41.Nb3 Qb1 42.Rf7 Qb2 43.a5 Rb1
44.Rxg7+ Qxg7 45.Qxg7+ Kxg7 46.Nc5 Kf7 47.Kd4 Rb4+ 48.Kc3 Rb5 49.Nb3 Ke7
50.Kc4 Rb8 51.a6 Kd6 52.f4 Rb6 53.a7 Ra6 54.Nd4 Kd7 55.Nb5 Kc8 56.Kc5 Kb7
57.Nd6+ Kxa7 58.Nf7 Ra2 59.Nxh6 Rxe2 60.Ng4 Rd2 61.Ne5 g5 62.Nc6+ Kb7 63.Na5+ Kc7
64.fxg5 Rd5+ 65.Kb4 Rxg5 66.Nc4 Kc6 67.Kc3 Kc5 68.Ne3 Kd6 69.Kd4 Ke7 70.Ke4 Ra5
71.h4 Kf6 72.g4 Ra4+ 73.Kf3 Ke5 74.h5 Ra3 75.h6 Kf6 76.Kf4 Ra4+ 77.Kg3 Kg5
78.Ng2 e5 79.Nh4 Kxh6 80.Nf3 Re4 81.Kh4 Kg6 82.Kg3 Kf6 83.Kh4 Ra4 84.Kg3 e4
85.Ng1  0-1

[Event "XV Carlos Torre"]
[Site "Merida MEX"]
[Date "2002.12.21"]
[Round "9"]
[White "Szekely,P"]
[Black "Peric,Sl"]
[Result "1-0"]
[WhiteElo "2417"]
[BlackElo "2282"]

1.Nf3 d5 2.c4 e6 3.g3 Nf6 4.Bg2 Be7 5.d4 O-O 6.Qc2 dxc4 7.Qxc4 a6 8.Bf4 Nd5
9.Nc3 Nxf4 10.gxf4 b5 11.Qd3 Ra7 12.Rd1 Bb7 13.O-O Nd7 14.d5 exd5 15.Nxd5 Nf6
16.Qe3 Bxd5 17.Qxa7 Qc8 18.Kh1 Bd6 19.e3 Re8 20.Ne1 Bxg2+ 21.Nxg2 h6 22.f3 g5
23.e4 gxf4 24.Rg1 Kh7 25.Rxd6  1-0

[Event "26th Christmas Open Masters"]
[Site "Zurich SUI"]
[Date "2002.12.27"]
[Round "3"]
[White "Cvitan,O"]
[Black "Boschetti,C"]
[Result "1-0"]
[WhiteElo "2562"]
[BlackElo "2092"]

1.Nf3 Nf6 2.c4 e6 3.g3 d5 4.d4 Be7 5.Bg2 O-O 6.O-O c5 7.cxd5 exd5 8.dxc5 Na6
9.Nc3 Nxc5 10.Be3 Be6 11.Rc1 Rc8 12.Nd4 Qd7 13.Nxe6 fxe6 14.Bd4 b5 15.e3 b4
16.Ne2 Qb5 17.Nf4 Rc6 18.Bh3 Re8 19.Rc2 Ra6 20.Bxf6 Bxf6 21.Nxd5 Bd8 22.Qh5 Rf8
23.Rfc1 Nd3 24.Rc7 Ne5 25.Qxe5 Bf6  1-0

[Event "11th Donau Open"]
[Site "Aschach AUT"]
[Date "2002.12.29"]
[Round "5"]
[White "Jurek,J"]
[Black "Horvath,Cs"]
[Result "0-1"]
[WhiteElo "2350"]
[BlackElo "2506"]

1.Nf3 Nf6 2.c4 e6 3.g3 d5 4.Bg2 Be7 5.d4 O-O 6.O-O c6 7.Qc2 Nbd7 8.b3 b6
9.Rd1 Ba6 10.Nbd2 c5 11.e4 dxc4 12.Nxc4 cxd4 13.Nxd4 Rc8 14.a4 Bxc4 15.bxc4 Qc7
16.Bb2 Qxc4 17.Qxc4 Rxc4 18.Bf1 Rcc8 19.Bb5 Nb8 20.e5 Ne4 21.Rac1 Bb4 22.Nc6 Nxc6
23.Bxc6 Nc5 24.Bb5 a6 25.Rd4 axb5 26.Rxb4 bxa4 27.Rxb6 Nd3 28.Ra1 Rc2 29.Bd4 Rc4
30.Rd6 Ra8 31.Rd1 Nb4 32.Bb2 h5 33.Ba3 Nc2 34.R1d3 Rb8 35.Rd8+ Rxd8 36.Rxd8+ Kh7
37.Bd6 Nd4 38.Ra8 g5 39.h3 g4 40.hxg4 hxg4 41.Kg2 Nf3 42.Ba3 Re4 43.Re8 Re1  0-1

[Event "TCh-NOR Qualifier"]
[Site "NOR"]
[Date "2002.??.??"]
[Round "8"]
[White "Bae,T"]
[Black "Leer Salvesen,B"]
[Result "1/2-1/2"]
[WhiteElo "2318"]
[BlackElo "2297"]

1.d4 e6 2.Nf3 d5 3.g3 Nf6 4.Bg2 Be7 5.c4 O-O 6.O-O c6 7.Nbd2 Nbd7 8.Qc2 b6
9.e4 Bb7 10.e5 Ne8 11.b3 Rc8 12.Bb2 c5 13.dxc5 Nxc5 14.Nd4 Nc7 15.f4 dxc4
16.bxc4 Bxg2 17.Kxg2 N7a6 18.a3 f5 19.exf6 Bxf6 20.N2f3 Qd7 21.Rad1 Qa4 22.Qe2 Rfe8
23.Ne5 Bxe5 24.Qxe5 Nd7 25.Qg5 Nf6 26.f5 Nc5 27.Nxe6 Nxe6 28.fxe6 Rxe6 29.Bxf6 Qc6+
30.Kh3 Rxf6 31.Rxf6 Qxf6 32.Qxf6 gxf6 33.Rd7 a5 34.Rb7 Rxc4 35.Rxb6 Kf7  1/2-1/2

[Event "45th It"]
[Site "Reggio Emilia ITA"]
[Date "2003.01.05"]
[Round "8"]
[White "Romanishin,O"]
[Black "Vezzosi,P"]
[Result "1-0"]
[WhiteElo "2562"]
[BlackElo "2394"]

1.d4 Nf6 2.Nf3 e6 3.g3 d5 4.Bg2 Be7 5.c4 O-O 6.O-O c6 7.Nc3 Nbd7 8.Bf4 dxc4
9.e4 Bb4 10.Qc2 b5 11.a4 Bb7 12.e5 Nd5 13.Ng5 g6 14.axb5 Bxc3 15.bxc6 Bxc6
16.bxc3 Nxf4 17.Bxc6 Qxg5 18.Bxd7 Qh5 19.Bc6 Rac8 20.Be4 Nh3+ 21.Kg2 Rc7
22.Bf3 Qh6 23.Bg4  1-0

[Event "Keres Memorial Rapid"]
[Site "Tallinn EST"]
[Date "2003.01.12"]
[Round "5"]
[White "Veingold,A"]
[Black "Kanep,M"]
[Result "1-0"]
[WhiteElo "2480"]
[BlackElo "2445"]

1.d4 Nf6 2.c4 e6 3.Nf3 d5 4.g3 Be7 5.Bg2 O-O 6.O-O dxc4 7.Qc2 a6 8.a4 c5
9.dxc5 Bxc5 10.Qxc4 Nbd7 11.Nc3 b5 12.Qd3 Bb7 13.axb5 axb5 14.Rxa8 Qxa8 15.Qxb5 Bc6
16.Qc4 Rb8 17.Qa2 Qb7 18.Ne1 h6 19.Bxc6 Qxc6 20.Qa4 Qb7 21.Nd3 Bd4 22.Bd2 e5
23.e3 Ne4 24.Nxe4 Qxe4  1-0

[Event "XXVIII"]
[Site "Seville ESP"]
[Date "2003.01.15"]
[Round "6"]
[White "Li Wenliang"]
[Black "Bick,J"]
[Result "1-0"]
[WhiteElo "2497"]
[BlackElo "2296"]

1.d4 Nf6 2.c4 e6 3.g3 d5 4.Nf3 Be7 5.Bg2 O-O 6.O-O dxc4 7.Qc2 a6 8.a4 Nc6
9.Qxc4 Nb4 10.Bg5 b5 11.Qb3 Bb7 12.Bxf6 gxf6 13.Nc3 Rb8 14.Rfd1 Qe8 15.axb5 axb5
16.Ne1 Bxg2 17.Nxg2 c6 18.Nf4 Rc8 19.Rac1 Nd5 20.Nd3 Nb6 21.Ne4 f5 22.Nd2 Qd7
23.Ne5 Qd5 24.Nxc6 Bf6 25.Qd3 Na4 26.e4 Nxb2 27.Qc2 Qa2 28.Ra1 Qxa1 29.Rxa1  1-0

[Event "ch-IND"]
[Site "Mumbai IND"]
[Date "2003.01.22"]
[Round "8"]
[White "Sriram,J"]
[Black "Roy Chowdhury,S"]
[Result "1/2-1/2"]
[WhiteElo "2448"]
[BlackElo "2395"]

1.d4 d5 2.c4 e6 3.Nf3 Nf6 4.g3 Be7 5.Bg2 O-O 6.O-O c6 7.Qc2 Nbd7 8.Rd1 b6
9.b3 Ba6 10.a4 c5 11.Nc3 Rc8 12.Nb5 Ra8 13.Ne5 Bb7 14.cxd5 exd5 15.Nc4 Bc6
16.Ne5  1/2-1/2

[Event "ch-IND"]
[Site "Mumbai IND"]
[Date "2003.01.25"]
[Round "12"]
[White "Sasikiran,K"]
[Black "Ramesh,R"]
[Result "1-0"]
[WhiteElo "2664"]
[BlackElo "2472"]

1.Nf3 Nf6 2.d4 e6 3.g3 d5 4.c4 Be7 5.Bg2 O-O 6.O-O dxc4 7.Qc2 a6 8.Qxc4 b5
9.Qc2 Bb7 10.Bf4 Nc6 11.Nc3 Nb4 12.Qc1 Rc8 13.Rd1 Nbd5 14.a4 c5 15.axb5 axb5
16.Nxd5 Nxd5 17.Bd2 cxd4 18.Qb1 Bf6 19.Ba5 Qd7 20.Nxd4 Rc4 21.Nb3 Qc8 22.e4 Ne7
23.Nd2 Ra4 24.Rxa4 bxa4 25.Bb4 Re8 26.Ba3 Bd4 27.Nf3 Ba7 28.Ne5 Ng6 29.Rc1 Qd8
30.Nc4 Bb8 31.Qc2 Bc6 32.Rd1 Qc7 33.Nd6 Rd8 34.Rc1 Ne5 35.f4 Ba7+ 36.Kh1 Ng4
37.h3 Qa5 38.Qxc6 Nf2+ 39.Kh2 Qh5  1-0

[Event "II It"]
[Site "Sao Jose de Rio Preto BRA"]
[Date "2003.01.26"]
[Round "4"]
[White "Marques,V"]
[Black "Borges,L"]
[Result "1/2-1/2"]
[WhiteElo "2319"]
[BlackElo "2247"]

1.Nf3 Nf6 2.c4 e6 3.g3 d5 4.d4 Be7 5.Bg2 c6 6.Qc2 O-O 7.O-O Nbd7 8.b3 b6
9.Bb2 Bb7 10.Nc3 Rc8 11.Rfd1 b5 12.e4 dxc4 13.bxc4 bxc4 14.Qa4 Nb6 15.Qxa7 Qc7
16.Qa5 Ra8 17.Qe5 Bd6 18.Qg5 Bb4 19.Qe3 Bxc3 20.Bxc3 Ra3 21.d5 Rxc3 22.Qxc3 cxd5
23.exd5 Nbxd5 24.Qd4 c3 25.Ne1 Qa5 26.Nc2 h6 27.a3 Rc8 28.Rdc1 Ba6 29.Rab1 Qc7
30.Bf1 Bxf1 31.Kxf1 Ra8 32.Kg1 h5 33.a4 e5 34.Qh4 e4  1/2-1/2

[Event "ch-EGY 3rd Stage"]
[Site "Cairo EGY"]
[Date "2003.02.02"]
[Round "8"]
[White "Abdelnabbi,I"]
[Black "Adly,A"]
[Result "0-1"]
[WhiteElo "2414"]
[BlackElo "2315"]

1.d4 d5 2.c4 e6 3.Nf3 Nf6 4.g3 Be7 5.Bg2 Nbd7 6.O-O Ne4 7.Qc2 f5 8.b3 O-O
9.Ne1 Bf6 10.Bb2 c6 11.Nd3 Qe8 12.Nd2 b5 13.cxd5 cxd5 14.Nf3 a5 15.Rfc1 Ba6
16.Qc6 Qe7 17.Qc2 Rfc8 18.Qd1 b4 19.a3 Rxc1 20.Qxc1 Rc8 21.Qe3 Rc2 22.Nfe1 Bxd3
23.Nxd3 Ndc5 24.Nxc5 Nxc5 25.axb4 axb4 26.Ra8+ Kf7 27.Ba1 Qb7 28.Ra5 Ne4
29.h4 Qc7 30.Ra6 Rc1+ 31.Kh2 Bxh4 32.Bxe4 fxe4 33.Qd2 Be7 34.Kg2 Qc2 35.Qxc2 Rxc2
36.e3 Rc1 37.Ra2 Rb1 38.Bb2 g5 39.Kh2 h5 40.Kg2 Bd6 41.Ra7+ Kf6 42.Ra2 Ke7
43.Ra7+ Kd8 44.Ba1 Bc7 45.Ra2 Kc8 46.Bb2 Kb7 47.Ba1 Kc6 48.Ra6+ Kb5 49.Ra2 Rxb3
50.Bb2 Rd3 51.Ra1 Rd2 52.Rb1 Rc2 53.Kf1 Ba5 54.Bc1 Kc4  0-1

[Event "3rd GM"]
[Site "Griesheim GER"]
[Date "2003.02.04"]
[Round "7"]
[White "Prusikhin,M"]
[Black "Buhmann,R"]
[Result "1/2-1/2"]
[WhiteElo "2509"]
[BlackElo "2525"]

1.d4 e6 2.Nf3 Nf6 3.c4 d5 4.g3 Be7 5.Bg2 O-O 6.O-O dxc4 7.Nc3 Nbd7 8.e4 Nb6
9.a4 a5 10.Qe2 Bb4 11.Rd1 Bd7 12.Bg5 Qe8 13.Bxf6 gxf6 14.e5 f5 15.Qe3 Kh8
16.d5 Rg8 17.dxe6 fxe6 18.Nb5 Bxb5 19.axb5 Rd8 20.Qh6 Qe7 21.Nh4 Rd3 22.Bf1 Rb3
23.Rac1 Bc5 24.Bxc4 Nxc4 25.Rxc4 Rxb5 26.Rxc5 Rxc5 27.Rd7 Qxd7 28.Qf6+ Qg7
29.Ng6+ hxg6 30.Qh4+ Qh7 31.Qf6+ Rg7 32.Qd8+  1/2-1/2

[Event "Bermuda Open"]
[Site "Southampton BER"]
[Date "2003.02.09"]
[Round "4"]
[White "Salman,J"]
[Black "Edwards,R"]
[Result "1/2-1/2"]
[WhiteElo "2236"]
[BlackElo "2095"]

1.d4 d5 2.c4 e6 3.Nf3 Nf6 4.g3 Be7 5.Bg2 O-O 6.O-O dxc4 7.Qc2 a6 8.Qxc4 b5
9.Qc2 Bb7 10.Rd1 Be4 11.Qd2 Nbd7 12.Nc3 Bb7 13.b3 c5 14.Bb2 Qb6 15.Rac1 Rfd8
16.Qe1 cxd4 17.Nxd4 Bxg2 18.Kxg2 Bc5 19.Nf3 Qb7 20.h3 Ne5 21.Rxd8+ Rxd8 22.Rd1 Rxd1
23.Qxd1 Be7 24.Nd5 Qxd5 25.Qxd5 Nxd5 26.Nxe5 f6 27.Nd3 Nb4 28.Nxb4  1/2-1/2

[Event "TCh-CZE 2002-3"]
[Site "Czech Rep CZE"]
[Date "2003.02.15"]
[Round "6"]
[White "Freisler,P"]
[Black "Prandstetter,E"]
[Result "1/2-1/2"]
[WhiteElo "2326"]
[BlackElo "2365"]

1.Nf3 d5 2.c4 e6 3.g3 Nf6 4.Bg2 Be7 5.d4 O-O 6.O-O Nbd7 7.Nbd2 c6 8.Qc2 b6
9.e4 dxe4 10.Nxe4 Bb7 11.Ne5 Nxe5 12.dxe5 Nxe4 13.Bxe4 h6 14.Qe2 Qc7 15.Bc2 c5
16.Qd3 f5 17.exf6 Rxf6 18.Qh7+ Kf7 19.Bd1 Qe5 20.Bf4 Qf5 21.Qxf5 exf5 22.Bc2 g5
23.Be5 Re6 24.f4 gxf4 25.Rae1  1/2-1/2